GT thống kê kinh tế

Đã lưu trong:
Bibliografiske detaljer
Hovedforfatter: Phan Công Nghĩa
Format: Bog
Sprog:Vietnamese
Udgivet: Giáo dục 2000
Tags: Tilføj Tag
Ingen Tags, Vær først til at tagge denne postø!
Thư viện lưu trữ: Mạng thư viện Đại học Đà Nẵng
LEADER 00618nam a2200277 4500
001 000026690
003 751
005 20150325120000.0
008 150325s vm 000 vie
020 |c 20,0000 
040 |a NOTTS 
100 |a Phan Công Nghĩa 
245 |a GT thống kê kinh tế 
260 |b Giáo dục  |c 2000 
300 |a 327tr. ; 
OWN |a LTT 
999 |a From the UDN01 
TYP |a Monograph 
TYP |a Printed language 
980 |a Mạng thư viện Đại học Đà Nẵng